Smart Alec's spooky jokes for kids

Bibliographic Details
Other Authors: Mostyn, D
Format: Book
Published: London : Ward Lock Limited , 1987
Subjects:

MARC

LEADER 00000cam a2200000 7i4500
001 0000006028
002 000006515
005 20000330.0
020 |a 0706366050 
090 0 0 |a 828.91492   |b SMA 
245 0 0 |a Smart Alec's spooky jokes for kids   |c illustrated by D.Mostyn 
260 |a London :   |b Ward Lock Limited ,   |c 1987 
300 |a p.v. :   |b ill. ;   |c 18 cm. 
650 0 0 |a Alex,Smart 
700 1 |a Mostyn, D 
999 |a 037856   |b BUKU   |c PINJAMAN   |e PERPUSTAKAAN KOMUNITI PETALING JAYA